Hvilken Kommune Ligger Punktet I? - Statistics

General Stats
  • This quiz has been taken 15 times
  • The average score is 18 of 50
Answers on the Map
Answers color-coded by a green-red scale on the quiz's map according to % correct below.
 
Answer Stats
Kommune % Correct
Aabenraa
100%
Aalborg
100%
Aalborg
100%
Aalborg
100%
Aalborg
100%
Aalborg
100%
Aarhus
100%
Assens
100%
Billund
100%
Bornholm
100%
Brønderslev
100%
Faaborg-Midtfyn
100%
Favrskov
100%
Faxe
100%
Frederikshavn
100%
Guldborgsund
100%
Guldborgsund
100%
Haderslev
100%
Haderslev
100%
Helsingør
100%
Herning
100%
Herning
100%
Hjørring
100%
Hjørring
100%
Høje-Taastrup
100%
Holbæk
100%
Holbæk
100%
Holstebro
100%
Horsens
100%
Ikast-Brande
100%
Jammerbugt
100%
Kalundborg
100%
Kalundborg
100%
Kerteminde
100%
Kerteminde
100%
Kolding
100%
Læsø
100%
Lejre
100%
Lolland
100%
Mariagerfjord
100%
Middelfart
100%
Norddjurs
100%
Nordfyns
100%
Nordfyns
100%
Odense
100%
Randers
100%
Rebild
100%
Ringkøbing-Skjern
100%
Ringkøbing-Skjern
100%
Ringkøbing-Skjern
100%
Samsø
100%
Silkeborg
100%
Skanderborg
100%
Skive
100%
Skive
100%
Skive
100%
Slagelse
100%
Slagelse
100%
Sorø
100%
Sorø
100%
Stevns
100%
Struer
100%
Svendborg
100%
Syddjurs
100%
Syddjurs
100%
Thisted
100%
Thisted
100%
Thisted
100%
Thisted
100%
Tønder
100%
Tønder
100%
Tønder
100%
Tønder
100%
Varde
100%
Varde
100%
Varde
100%
Vejen
100%
Vejen
100%
Vejle
100%
Vejle
100%
Vejle
100%
Viborg
100%
Viborg
100%
Vordingborg
100%
Aabenraa
50%
Aabenraa
50%
Bornholm
50%
Frederikssund
50%
Jammerbugt
50%
Lejre
50%
Odder
50%
Odense
50%
Aabenraa
0%
Aabenraa
0%
Aabenraa
0%
Aabenraa
0%
Aabenraa
0%
Aabenraa
0%
Aabenraa
0%
Aabenraa
0%
Aabenraa
0%
Aabenraa
0%
Aabenraa
0%
Aabenraa
0%
Aabenraa
0%
Aabenraa
0%
Aabenraa
0%
Aabenraa
0%
Aabenraa
0%
Aabenraa
0%
Aabenraa
0%
Aabenraa
0%
Aabenraa
0%
Aabenraa
0%
Aabenraa
0%
Aabenraa
0%
Aalborg
0%
Aalborg
0%
Aalborg
0%
Aalborg
0%
Aalborg
0%
Aalborg
0%
Aalborg
0%
Aalborg
0%
Aalborg
0%
Aalborg
0%
Aalborg
0%
Aalborg
0%
Aalborg
0%
Aalborg
0%
Aalborg
0%
Aalborg
0%
Aalborg
0%
Aalborg
0%
Aalborg
0%
Aalborg
0%
Aalborg
0%
Aalborg
0%
Aalborg
0%
Aalborg
0%
Aalborg
0%
Aalborg
0%
Aalborg
0%
Aalborg
0%
Aalborg
0%
Aalborg
0%
Aarhus
0%
Aarhus
0%
Aarhus
0%
Aarhus
0%
Aarhus
0%
Aarhus
0%
Aarhus
0%
Aarhus
0%
Aarhus
0%
Aarhus
0%
Aarhus
0%
Aarhus
0%
Ærø
0%
Ærø
0%
Allerød
0%
Allerød
0%
Assens
0%
Assens
0%
Assens
0%
Assens
0%
Assens
0%
Assens
0%
Assens
0%
Assens
0%
Assens
0%
Assens
0%
Assens
0%
Ballerup
0%
Billund
0%
Billund
0%
Billund
0%
Billund
0%
Billund
0%
Billund
0%
Billund
0%
Billund
0%
Billund
0%
Billund
0%
Billund
0%
Billund
0%
Billund
0%
Billund
0%
Bornholm
0%
Bornholm
0%
Bornholm
0%
Bornholm
0%
Bornholm
0%
Bornholm
0%
Bornholm
0%
Bornholm
0%
Bornholm
0%
Bornholm
0%
Bornholm
0%
Bornholm
0%
Bornholm
0%
Bornholm
0%
Bornholm
0%
Brøndby
0%
Brønderslev
0%
Brønderslev
0%
Brønderslev
0%
Brønderslev
0%
Brønderslev
0%
Brønderslev
0%
Brønderslev
0%
Brønderslev
0%
Brønderslev
0%
Brønderslev
0%
Brønderslev
0%
Brønderslev
0%
Brønderslev
0%
Brønderslev
0%
Brønderslev
0%
Brønderslev
0%
Brønderslev
0%
Egedal
0%
Egedal
0%
Egedal
0%
Esbjerg
0%
Esbjerg
0%
Esbjerg
0%
Esbjerg
0%
Esbjerg
0%
Esbjerg
0%
Esbjerg
0%
Esbjerg
0%
Esbjerg
0%
Esbjerg
0%
Esbjerg
0%
Esbjerg
0%
Esbjerg
0%
Esbjerg
0%
Esbjerg
0%
Esbjerg
0%
Esbjerg
0%
Esbjerg
0%
Esbjerg
0%
Faaborg-Midtfyn
0%
Faaborg-Midtfyn
0%
Faaborg-Midtfyn
0%
Faaborg-Midtfyn
0%
Faaborg-Midtfyn
0%
Faaborg-Midtfyn
0%
Faaborg-Midtfyn
0%
Faaborg-Midtfyn
0%
Faaborg-Midtfyn
0%
Faaborg-Midtfyn
0%
Faaborg-Midtfyn
0%
Faaborg-Midtfyn
0%
Faaborg-Midtfyn
0%
Faaborg-Midtfyn
0%
Faaborg-Midtfyn
0%
Faaborg-Midtfyn
0%
Faaborg-Midtfyn
0%
Faaborg-Midtfyn
0%
Fanø
0%
Favrskov
0%
Favrskov
0%
Favrskov
0%
Favrskov
0%
Favrskov
0%
Favrskov
0%
Favrskov
0%
Favrskov
0%
Favrskov
0%
Favrskov
0%
Favrskov
0%
Faxe
0%
Faxe
0%
Faxe
0%
Faxe
0%
Faxe
0%
Faxe
0%
Faxe
0%
Faxe
0%
Faxe
0%
Faxe
0%
Faxe
0%
Fredensborg
0%
Fredensborg
0%
Fredensborg
0%
Fredericia
0%
Fredericia
0%
Fredericia
0%
Frederikshavn
0%
Frederikshavn
0%
Frederikshavn
0%
Frederikshavn
0%
Frederikshavn
0%
Frederikshavn
0%
Frederikshavn
0%
Frederikshavn
0%
Frederikshavn
0%
Frederikshavn
0%
Frederikshavn
0%
Frederikshavn
0%
Frederikshavn
0%
Frederikshavn
0%
Frederikshavn
0%
Frederikshavn
0%
Frederikshavn
0%
Frederikssund
0%
Frederikssund
0%
Frederikssund
0%
Greve
0%
Greve
0%
Gribskov
0%
Gribskov
0%
Gribskov
0%
Gribskov
0%
Gribskov
0%
Gribskov
0%
Gribskov
0%
Guldborgsund
0%
Guldborgsund
0%
Guldborgsund
0%
Guldborgsund
0%
Guldborgsund
0%
Guldborgsund
0%
Guldborgsund
0%
Guldborgsund
0%
Guldborgsund
0%
Guldborgsund
0%
Guldborgsund
0%
Guldborgsund
0%
Guldborgsund
0%
Guldborgsund
0%
Guldborgsund
0%
Guldborgsund
0%
Guldborgsund
0%
Guldborgsund
0%
Guldborgsund
0%
Guldborgsund
0%
Guldborgsund
0%
Guldborgsund
0%
Guldborgsund
0%
Guldborgsund
0%
Guldborgsund
0%
Haderslev
0%
Haderslev
0%
Haderslev
0%
Haderslev
0%
Haderslev
0%
Haderslev
0%
Haderslev
0%
Haderslev
0%
Haderslev
0%
Haderslev
0%
Haderslev
0%
Haderslev
0%
Haderslev
0%
Haderslev
0%
Haderslev
0%
Haderslev
0%
Haderslev
0%
Haderslev
0%
Haderslev
0%
Haderslev
0%
Haderslev
0%
Haderslev
0%
Haderslev
0%
Halsnæs
0%
Halsnæs
0%
Hedensted
0%
Hedensted
0%
Hedensted
0%
Hedensted
0%
Hedensted
0%
Hedensted
0%
Hedensted
0%
Hedensted
0%
Hedensted
0%
Hedensted
0%
Hedensted
0%
Hedensted
0%
Hedensted
0%
Hedensted
0%
Hedensted
0%
Hedensted
0%
Helsingør
0%
Helsingør
0%
Helsingør
0%
Herning
0%
Herning
0%
Herning
0%
Herning
0%
Herning
0%
Herning
0%
Herning
0%
Herning
0%
Herning
0%
Herning
0%
Herning
0%
Herning
0%
Herning
0%
Herning
0%
Herning
0%
Herning
0%
Herning
0%
Herning
0%
Herning
0%
Herning
0%
Herning
0%
Herning
0%
Herning
0%
Herning
0%
Herning
0%
Herning
0%
Herning
0%
Herning
0%
Herning
0%
Herning
0%
Herning
0%
Herning
0%
Herning
0%
Herning
0%
Herning
0%
Hillerød
0%
Hillerød
0%
Hillerød
0%
Hillerød
0%
Hillerød
0%
Hillerød
0%
Hillerød
0%
Hjørring
0%
Hjørring
0%
Hjørring
0%
Hjørring
0%
Hjørring
0%
Hjørring
0%
Hjørring
0%
Hjørring
0%
Hjørring
0%
Hjørring
0%
Hjørring
0%
Hjørring
0%
Hjørring
0%
Hjørring
0%
Hjørring
0%
Hjørring
0%
Hjørring
0%
Hjørring
0%
Hjørring
0%
Hjørring
0%
Hjørring
0%
Hjørring
0%
Hjørring
0%
Hjørring
0%
Hjørring
0%
Høje-Taastrup
0%
Holbæk
0%
Holbæk
0%
Holbæk
0%
Holbæk
0%
Holbæk
0%
Holbæk
0%
Holbæk
0%
Holbæk
0%
Holbæk
0%
Holbæk
0%
Holbæk
0%
Holbæk
0%
Holstebro
0%
Holstebro
0%
Holstebro
0%
Holstebro
0%
Holstebro
0%
Holstebro
0%
Holstebro
0%
Holstebro
0%
Holstebro
0%
Holstebro
0%
Holstebro
0%
Holstebro
0%
Holstebro
0%
Holstebro
0%
Holstebro
0%
Holstebro
0%
Holstebro
0%
Holstebro
0%
Holstebro
0%
Holstebro
0%
Holstebro
0%
Holstebro
0%
Horsens
0%
Horsens
0%
Horsens
0%
Horsens
0%
Horsens
0%
Horsens
0%
Horsens
0%
Horsens
0%
Horsens
0%
Horsens
0%
Horsens
0%
Horsens
0%
Horsens
0%
Horsens
0%
Hørsholm
0%
Hørsholm
0%
Ikast-Brande
0%
Ikast-Brande
0%
Ikast-Brande
0%
Ikast-Brande
0%
Ikast-Brande
0%
Ikast-Brande
0%
Ikast-Brande
0%
Ikast-Brande
0%
Ikast-Brande
0%
Ikast-Brande
0%
Ikast-Brande
0%
Ikast-Brande
0%
Ikast-Brande
0%
Ikast-Brande
0%
Ikast-Brande
0%
Ikast-Brande
0%
Ikast-Brande
0%
Ikast-Brande
0%
Ikast-Brande
0%
Jammerbugt
0%
Jammerbugt
0%
Jammerbugt
0%
Jammerbugt
0%
Jammerbugt
0%
Jammerbugt
0%
Jammerbugt
0%
Jammerbugt
0%
Jammerbugt
0%
Jammerbugt
0%
Jammerbugt
0%
Jammerbugt
0%
Jammerbugt
0%
Jammerbugt
0%
Jammerbugt
0%
Jammerbugt
0%
Jammerbugt
0%
Jammerbugt
0%
Jammerbugt
0%
Jammerbugt
0%
Jammerbugt
0%
Jammerbugt
0%
Jammerbugt
0%
Kalundborg
0%
Kalundborg
0%
Kalundborg
0%
Kalundborg
0%
Kalundborg
0%
Kalundborg
0%
Kalundborg
0%
Kalundborg
0%
Kalundborg
0%
Kalundborg
0%
Kalundborg
0%
Kalundborg
0%
Kalundborg
0%
Kalundborg
0%
Kalundborg
0%
Kalundborg
0%
Kalundborg
0%
Kerteminde
0%
Kerteminde
0%
Kerteminde
0%
Kerteminde
0%
København
0%
København
0%
København
0%
Køge
0%
Køge
0%
Køge
0%
Køge
0%
Køge
0%
Køge
0%
Kolding
0%
Kolding
0%
Kolding
0%
Kolding
0%
Kolding
0%
Kolding
0%
Kolding
0%
Kolding
0%
Kolding
0%
Kolding
0%
Kolding
0%
Kolding
0%
Kolding
0%
Kolding
0%
Kolding
0%
Kolding
0%
Kolding
0%
Kolding
0%
Læsø
0%
Læsø
0%
Langeland
0%
Langeland
0%
Langeland
0%
Langeland
0%
Langeland
0%
Langeland
0%
Langeland
0%
Langeland
0%
Langeland
0%
Lejre
0%
Lejre
0%
Lejre
0%
Lejre
0%
Lejre
0%
Lemvig
0%
Lemvig
0%
Lemvig
0%
Lemvig
0%
Lemvig
0%
Lemvig
0%
Lemvig
0%
Lemvig
0%
Lemvig
0%
Lemvig
0%
Lemvig
0%
Lemvig
0%
Lemvig
0%
Lemvig
0%
Lemvig
0%
Lemvig
0%
Lolland
0%
Lolland
0%
Lolland
0%
Lolland
0%
Lolland
0%
Lolland
0%
Lolland
0%
Lolland
0%
Lolland
0%
Lolland
0%
Lolland
0%
Lolland
0%
Lolland
0%
Lolland
0%
Lolland
0%
Lolland
0%
Lolland
0%
Lolland
0%
Lolland
0%
Lolland
0%
Lolland
0%
Lolland
0%
Lolland
0%
Lolland
0%
Lyngby-Taarbæk
0%
Mariagerfjord
0%
Mariagerfjord
0%
Mariagerfjord
0%
Mariagerfjord
0%
Mariagerfjord
0%
Mariagerfjord
0%
Mariagerfjord
0%
Mariagerfjord
0%
Mariagerfjord
0%
Mariagerfjord
0%
Mariagerfjord
0%
Mariagerfjord
0%
Mariagerfjord
0%
Mariagerfjord
0%
Mariagerfjord
0%
Mariagerfjord
0%
Mariagerfjord
0%
Mariagerfjord
0%
Middelfart
0%
Middelfart
0%
Middelfart
0%
Middelfart
0%
Middelfart
0%
Middelfart
0%
Middelfart
0%
Morsø
0%
Morsø
0%
Morsø
0%
Morsø
0%
Morsø
0%
Morsø
0%
Morsø
0%
Morsø
0%
Morsø
0%
Morsø
0%
Næstved
0%
Næstved
0%
Næstved
0%
Næstved
0%
Næstved
0%
Næstved
0%
Næstved
0%
Næstved
0%
Næstved
0%
Næstved
0%
Næstved
0%
Næstved
0%
Næstved
0%
Næstved
0%
Næstved
0%
Næstved
0%
Næstved
0%
Næstved
0%
Næstved
0%
Næstved
0%
Norddjurs
0%
Norddjurs
0%
Norddjurs
0%
Norddjurs
0%
Norddjurs
0%
Norddjurs
0%
Norddjurs
0%
Norddjurs
0%
Norddjurs
0%
Norddjurs
0%
Norddjurs
0%
Norddjurs
0%
Norddjurs
0%
Norddjurs
0%
Norddjurs
0%
Norddjurs
0%
Norddjurs
0%
Norddjurs
0%
Nordfyns
0%
Nordfyns
0%
Nordfyns
0%
Nordfyns
0%
Nordfyns
0%
Nordfyns
0%
Nordfyns
0%
Nordfyns
0%
Nordfyns
0%
Nordfyns
0%
Nordfyns
0%
Nordfyns
0%
Nyborg
0%
Nyborg
0%
Nyborg
0%
Nyborg
0%
Nyborg
0%
Nyborg
0%
Nyborg
0%
Nyborg
0%
Odder
0%
Odder
0%
Odder
0%
Odder
0%
Odder
0%
Odense
0%
Odense
0%
Odense
0%
Odense
0%
Odense
0%
Odense
0%
Odsherred
0%
Odsherred
0%
Odsherred
0%
Odsherred
0%
Odsherred
0%
Odsherred
0%
Odsherred
0%
Odsherred
0%
Odsherred
0%
Odsherred
0%
Randers
0%
Randers
0%
Randers
0%
Randers
0%
Randers
0%
Randers
0%
Randers
0%
Randers
0%
Randers
0%
Randers
0%
Randers
0%
Randers
0%
Randers
0%
Randers
0%
Randers
0%
Randers
0%
Randers
0%
Randers
0%
Randers
0%
Randers
0%
Rebild
0%
Rebild
0%
Rebild
0%
Rebild
0%
Rebild
0%
Rebild
0%
Rebild
0%
Rebild
0%
Rebild
0%
Rebild
0%
Rebild
0%
Rebild
0%
Rebild
0%
Rebild
0%
Rebild
0%
Rebild
0%
Ringkøbing-Skjern
0%
Ringkøbing-Skjern
0%
Ringkøbing-Skjern
0%
Ringkøbing-Skjern
0%
Ringkøbing-Skjern
0%
Ringkøbing-Skjern
0%
Ringkøbing-Skjern
0%
Ringkøbing-Skjern
0%
Ringkøbing-Skjern
0%
Ringkøbing-Skjern
0%
Ringkøbing-Skjern
0%
Ringkøbing-Skjern
0%
Ringkøbing-Skjern
0%
Ringkøbing-Skjern
0%
Ringkøbing-Skjern
0%
Ringkøbing-Skjern
0%
Ringkøbing-Skjern
0%
Ringkøbing-Skjern
0%
Ringkøbing-Skjern
0%
Ringkøbing-Skjern
0%
Ringkøbing-Skjern
0%
Ringkøbing-Skjern
0%
Ringkøbing-Skjern
0%
Ringkøbing-Skjern
0%
Ringkøbing-Skjern
0%
Ringkøbing-Skjern
0%
Ringkøbing-Skjern
0%
Ringkøbing-Skjern
0%
Ringkøbing-Skjern
0%
Ringkøbing-Skjern
0%
Ringkøbing-Skjern
0%
Ringkøbing-Skjern
0%
Ringkøbing-Skjern
0%
Ringkøbing-Skjern
0%
Ringkøbing-Skjern
0%
Ringkøbing-Skjern
0%
Ringkøbing-Skjern
0%
Ringkøbing-Skjern
0%
Ringkøbing-Skjern
0%
Ringkøbing-Skjern
0%
Ringkøbing-Skjern
0%
Ringkøbing-Skjern
0%
Ringsted
0%
Ringsted
0%
Ringsted
0%
Ringsted
0%
Ringsted
0%
Ringsted
0%
Ringsted
0%
Ringsted
0%
Ringsted
0%
Roskilde
0%
Roskilde
0%
Roskilde
0%
Roskilde
0%
Roskilde
0%
Roskilde
0%
Roskilde
0%
Rudersdal
0%
Rudersdal
0%
Rudersdal
0%
Rudersdal
0%
Rudersdal
0%
Samsø
0%
Samsø
0%
Silkeborg
0%
Silkeborg
0%
Silkeborg
0%
Silkeborg
0%
Silkeborg
0%
Silkeborg
0%
Silkeborg
0%
Silkeborg
0%
Silkeborg
0%
Silkeborg
0%
Silkeborg
0%
Silkeborg
0%
Silkeborg
0%
Silkeborg
0%
Silkeborg
0%
Silkeborg
0%
Silkeborg
0%
Silkeborg
0%
Silkeborg
0%
Silkeborg
0%
Silkeborg
0%
Silkeborg
0%
Silkeborg
0%
Silkeborg
0%
Silkeborg
0%
Silkeborg
0%
Skanderborg
0%
Skanderborg
0%
Skanderborg
0%
Skanderborg
0%
Skanderborg
0%
Skanderborg
0%
Skanderborg
0%
Skanderborg
0%
Skanderborg
0%
Skanderborg
0%
Skanderborg
0%
Skanderborg
0%
Skanderborg
0%
Skive
0%
Skive
0%
Skive
0%
Skive
0%
Skive
0%
Skive
0%
Skive
0%
Skive
0%
Skive
0%
Skive
0%
Skive
0%
Skive
0%
Skive
0%
Skive
0%
Skive
0%
Skive
0%
Skive
0%
Skive
0%
Skive
0%
Slagelse
0%
Slagelse
0%
Slagelse
0%
Slagelse
0%
Slagelse
0%
Slagelse
0%
Slagelse
0%
Slagelse
0%
Slagelse
0%
Slagelse
0%
Slagelse
0%
Slagelse
0%
Slagelse
0%
Slagelse
0%
Solrød
0%
Sønderborg
0%
Sønderborg
0%
Sønderborg
0%
Sønderborg
0%
Sønderborg
0%
Sønderborg
0%
Sønderborg
0%
Sønderborg
0%
Sønderborg
0%
Sønderborg
0%
Sønderborg
0%
Sønderborg
0%
Sønderborg
0%
Sønderborg
0%
Sønderborg
0%
Sorø
0%
Sorø
0%
Sorø
0%
Sorø
0%
Sorø
0%
Sorø
0%
Sorø
0%
Stevns
0%
Stevns
0%
Stevns
0%
Stevns
0%
Stevns
0%
Stevns
0%
Struer
0%
Struer
0%
Struer
0%
Struer
0%
Struer
0%
Svendborg
0%
Svendborg
0%
Svendborg
0%
Svendborg
0%
Svendborg
0%
Svendborg
0%
Svendborg
0%
Svendborg
0%
Svendborg
0%
Syddjurs
0%
Syddjurs
0%
Syddjurs
0%
Syddjurs
0%
Syddjurs
0%
Syddjurs
0%
Syddjurs
0%
Syddjurs
0%
Syddjurs
0%
Syddjurs
0%
Syddjurs
0%
Syddjurs
0%
Syddjurs
0%
Syddjurs
0%
Syddjurs
0%
Syddjurs
0%
Syddjurs
0%
Syddjurs
0%
Syddjurs
0%
Syddjurs
0%
Tårnby
0%
Tårnby
0%
Thisted
0%
Thisted
0%
Thisted
0%
Thisted
0%
Thisted
0%
Thisted
0%
Thisted
0%
Thisted
0%
Thisted
0%
Thisted
0%
Thisted
0%
Thisted
0%
Thisted
0%
Thisted
0%
Thisted
0%
Thisted
0%
Thisted
0%
Thisted
0%
Thisted
0%
Thisted
0%
Thisted
0%
Thisted
0%
Thisted
0%
Thisted
0%
Thisted
0%
Thisted
0%
Thisted
0%
Tønder
0%
Tønder
0%
Tønder
0%
Tønder
0%
Tønder
0%
Tønder
0%
Tønder
0%
Tønder
0%
Tønder
0%
Tønder
0%
Tønder
0%
Tønder
0%
Tønder
0%
Tønder
0%
Tønder
0%
Tønder
0%
Tønder
0%
Tønder
0%
Tønder
0%
Tønder
0%
Tønder
0%
Tønder
0%
Tønder
0%
Tønder
0%
Tønder
0%
Tønder
0%
Tønder
0%
Tønder
0%
Varde
0%
Varde
0%
Varde
0%
Varde
0%
Varde
0%
Varde
0%
Varde
0%
Varde
0%
Varde
0%
Varde
0%
Varde
0%
Varde
0%
Varde
0%
Varde
0%
Varde
0%
Varde
0%
Varde
0%
Varde
0%
Varde
0%
Varde
0%
Varde
0%
Varde
0%
Varde
0%
Varde
0%
Varde
0%
Varde
0%
Varde
0%
Varde
0%
Varde
0%
Varde
0%
Varde
0%
Varde
0%
Varde
0%
Vejen
0%
Vejen
0%
Vejen
0%
Vejen
0%
Vejen
0%
Vejen
0%
Vejen
0%
Vejen
0%
Vejen
0%
Vejen
0%
Vejen
0%
Vejen
0%
Vejen
0%
Vejen
0%
Vejen
0%
Vejen
0%
Vejen
0%
Vejen
0%
Vejen
0%
Vejle
0%
Vejle
0%
Vejle
0%
Vejle
0%
Vejle
0%
Vejle
0%
Vejle
0%
Vejle
0%
Vejle
0%
Vejle
0%
Vejle
0%
Vejle
0%
Vejle
0%
Vejle
0%
Vejle
0%
Vejle
0%
Vejle
0%
Vejle
0%
Vejle
0%
Vejle
0%
Vejle
0%
Vejle
0%
Vejle
0%
Vejle
0%
Vejle
0%
Vejle
0%
Vejle
0%
Vejle
0%
Vesthimmerlands
0%
Vesthimmerlands
0%
Vesthimmerlands
0%
Vesthimmerlands
0%
Vesthimmerlands
0%
Vesthimmerlands
0%
Vesthimmerlands
0%
Vesthimmerlands
0%
Vesthimmerlands
0%
Vesthimmerlands
0%
Vesthimmerlands
0%
Vesthimmerlands
0%
Vesthimmerlands
0%
Vesthimmerlands
0%
Vesthimmerlands
0%
Vesthimmerlands
0%
Vesthimmerlands
0%
Vesthimmerlands
0%
Vesthimmerlands
0%
Vesthimmerlands
0%
Vesthimmerlands
0%
Vesthimmerlands
0%
Vesthimmerlands
0%
Vesthimmerlands
0%
Viborg
0%
Viborg
0%
Viborg
0%
Viborg
0%
Viborg
0%
Viborg
0%
Viborg
0%
Viborg
0%
Viborg
0%
Viborg
0%
Viborg
0%
Viborg
0%
Viborg
0%
Viborg
0%
Viborg
0%
Viborg
0%
Viborg
0%
Viborg
0%
Viborg
0%
Viborg
0%
Viborg
0%
Viborg
0%
Viborg
0%
Viborg
0%
Viborg
0%
Viborg
0%
Viborg
0%
Viborg
0%
Viborg
0%
Viborg
0%
Viborg
0%
Viborg
0%
Viborg
0%
Viborg
0%
Viborg
0%
Viborg
0%
Viborg
0%
Vordingborg
0%
Vordingborg
0%
Vordingborg
0%
Vordingborg
0%
Vordingborg
0%
Vordingborg
0%
Vordingborg
0%
Vordingborg
0%
Vordingborg
0%
Vordingborg
0%
Vordingborg
0%
Vordingborg
0%
Vordingborg
0%
Vordingborg
0%
Vordingborg
0%
Vordingborg
0%
Vordingborg
0%
Vordingborg
0%
No matching quizzes found
Score Distribution
Percent of People with Each Score
Percentile by Number Answered
Your Score History
You have not taken this quiz